[Event "17th Delhi GM Open 2019"]
[Site "Delhi"]
[Date "2019.01.10"]
[Round "2"]
[White "Nguyen, Van Huy"]
[Black "Dahale, Atul"]
[Result "1-0"]
[WhiteElo "2450"]
[BlackElo "2044"]
[Annotator "TA"]
[PlyCount "97"]
[EventDate "2019.01.09"]
[EventType "swiss"]
[EventCountry "IND"]
[SourceTitle "playchess.com"]
[Source "ChessBase"]
[SourceQuality "1"]

{[%evp 19,97,25,47,39,38,37,40,30,33,37,79,85,96,81,76,6,5,8,10,-33,-23,0,-37,-48,0,-17,-27,-17,0,0,0,0,0,0,5,7,12,21,19,0,5,0,0,0,0,0,0,0,47,47,82,47,81,82,147,173,177,120,150,114,211,249,211,201,462,473,514,531,850,843,1152,1141,1502,1464,1387,1422,2173,2098,29980,29981]} 1. d4 Nf6 2. c4 g6 3. Nc3 Bg7 4. Nf3 O-O 5. Bf4 d6 6. h3 Nfd7 7. e3 e5 8. Bh2 Nc6 9. Be2 h6 {E61: King's Indian: Early deviations for White, including Smyslov System} 10. O-O Kh8 {LiveBook: 3 Games} (10... Re8 11. Rc1 exd4 12. Nxd4 Nde5 13. Nf3 a5 14. Qd2 Nxf3+ 15. Bxf3 {0-1 (78) Georgiev,K (2623)-Melkumyan,H (2633) Riadh 2017}) 11. Rb1 a5 {White is slightly better.} 12. a3 {[%cal Ba2a3,Ba3b4,Bb4b5,Bb5b6][%mdl 32]} f5 13. b4 axb4 14. axb4 e4 $146 ({Predecessor:} 14... g5 15. b5 Ne7 16. c5 f4 17. b6 dxc5 18. bxc7 Qxc7 19. dxe5 Nxe5 {½-½ (62) Braunlich,T (2199)-Airapetian,C (2180) Stillwater 2007}) 15. Nd2 g5 16. Qc2 Nf6 17. c5 (17. Rfc1 $16) 17... d5 $11 18. b5 Ne7 19. b6 c6 $1 20. Bc7 Qe8 21. f4 g4 22. Ra1 Rxa1 23. Rxa1 gxh3 24. gxh3 Rg8 25. Kh2 Ng6 26. Rg1 Nh4 27. Qd1 Kh7 28. Qe1 Ng6 29. Qf2 Bf8 30. Ncb1 {[%cal Bc3b1,Bb1a3,Ba3c2,Bc2e1,Be1g2][%mdl 32]} Be7 31. Na3 Qf7 32. Nc2 Rg7 33. Ne1 Qg8 34. Ng2 Ne8 35. Bb8 Nf8 36. Be5 Nf6 (36... Bf6 $142) 37. Ra1 $16 Ng6 38. Ra8 ({White should try} 38. Nb3 $18) 38... Qe6 39. Nb3 Rg8 (39... Nh8 $16 40. Na5 Nf7) 40. Na5 $1 $18 Nd7 {[#]} 41. Bc7 $1 Nf6 $2 {[#]} (41... Bxc5 {was called for.} 42. dxc5 Nxc5) 42. Ra7 $1 h5 43. Nxb7 Ng4+ 44. hxg4 fxg4 {[#]} 45. f5 $1 Rf8 (45... Qxf5 46. Qxf5) 46. fxg6+ Qxg6 47. Bf4 h4 48. Nxh4 Qh5 49. Nd6 {Accuracy: White = 59%, Black = 40%.} 1-0

[Event "17th Delhi GM Open 2019"]
[Site "Delhi"]
[Date "2019.01.10"]
[Round "2"]
[White "Singh, S. Vikramjit"]
[Black "Predke, Alexandr"]
[Result "0-1"]
[WhiteElo "2214"]
[BlackElo "2620"]
[Annotator "TA"]
[PlyCount "74"]
[EventDate "2019.01.09"]
[EventType "swiss"]
[EventCountry "IND"]
[SourceTitle "playchess.com"]
[Source "ChessBase"]
[SourceQuality "1"]

{[%evp 19,74,29,14,14,11,14,17,15,27,27,55,18,23,20,38,7,5,0,11,10,28,25,48,7,12,0,3,4,23,4,8,0,0,0,0,-22,-20,-47,-59,-589,-622,-570,-632,-635,-346,-790,-695,-641,-619,-2508,-2160,-5097,-5081,-5073,-5073,-4132,-2201]} 1. d4 e6 2. c4 b6 3. Nf3 Bb7 4. g3 Bb4+ 5. Bd2 Bxf3 6. exf3 Bxd2+ 7. Qxd2 Ne7 8. Nc3 d5 9. cxd5 Nxd5 10. Nxd5 {A40: Unusual replies to 1 d4} Qxd5 {LiveBook: 3 Games} 11. Bd3 $146 ({Predecessor:} 11. Qc3 Nc6 12. Bc4 Qa5 13. Qxa5 Nxa5 14. Ba6 Kd7 15. Rc1 Kd6 16. Bb5 a6 17. Bd3 Nc6 18. Rxc6+ Kxc6 {0-1 (51) Gagare,S (2494)-Tabatabaei,M (2577) Moscow 2018}) 11... Qxf3 12. O-O {The position is equal.} c6 13. Qc2 Qd5 14. Be4 Qd6 15. Rfe1 Nd7 16. Rad1 {[#] d5 is the strong threat.} Rd8 17. Qxc6 (17. d5 $5 cxd5 18. Bxd5 $14) 17... Qxc6 18. Bxc6 Ke7 19. d5 Nc5 20. b4 Na6 21. a3 Rd6 22. Bb7 Nc7 23. dxe6 fxe6 24. Rxd6 Kxd6 $11 {[%mdl 4096] Endgame KRB-KRN} 25. Rd1+ Nd5 26. Rc1 Rb8 27. Bxd5 (27. Bc8 {with more complications.} b5 28. h4 Nb6 29. Ba6 Nd5 30. Bc8) 27... exd5 {KR-KR} 28. Kf1 Re8 29. Re1 $2 {[%mdl 8192] [#]} (29. Rc2 $15) 29... Rxe1+ $1 $19 30. Kxe1 {KP-KP} Ke5 31. Ke2 Ke4 32. f3+ $2 (32. b5 Kd4 33. h4) 32... Kd4 {Black is clearly winning.} 33. Kd2 b5 34. f4 h5 35. Ke2 Kc3 36. h3 d4 37. Kd1 Kd3 {Accuracy: White = 33%, Black = 87%.} 0-1

[Event "17th Delhi GM Open 2019"]
[Site "Delhi"]
[Date "2019.01.10"]
[Round "2"]
[White "Singh, S. Vikramjit"]
[Black "Predke, Alexandr"]
[Result "*"]
[WhiteElo "2214"]
[BlackElo "2620"]
[Annotator "TA"]
[PlyCount "38"]
[EventDate "2019.01.09"]
[EventType "swiss"]
[EventCountry "IND"]
[SourceTitle "playchess.com"]
[Source "ChessBase"]
[SourceQuality "1"]

{[%evp 14,15,18,16]} 1. d4 e6 2. c4 b6 3. Nf3 Bb7 4. g3 Bb4+ 5. Bd2 Bxf3 6. exf3 Bxd2+ 7. Qxd2 Ne7 {A40: Unusual replies to 1 d4} 8. Nc3 {LiveBook: 5 Games} {Predecessor:} O-O $146 9. Bg2 d5 10. cxd5 exd5 11. O-O c6 12. Rfe1 Nd7 13. Bh3 Nf6 14. Rac1 Re8 15. Ne2 Qd6 16. Qc2 Nh5 17. Bg4 Nf6 18. Bh3 Nh5 19. Bg4 Nf6 {½-½ (19) Xu,J (2526)-Ivanchuk,V (2710) Doha 2015} *

[Event "17th Delhi GM Open 2019"]
[Site "Delhi"]
[Date "2019.01.10"]
[Round "2"]
[White "Saurabh Anand"]
[Black "Vaibhav, Suri"]
[Result "1/2-1/2"]
[WhiteElo "2210"]
[BlackElo "2590"]
[Annotator "TA"]
[PlyCount "47"]
[EventDate "2019.01.09"]
[EventType "swiss"]
[EventCountry "IND"]
[SourceTitle "playchess.com"]
[Source "ChessBase"]
[SourceQuality "1"]

{[%evp 28,47,18,17,22,16,17,0,0,0,0,0,0,0,0,0,0,0,0,0,0,0]} 1. e4 c6 2. d4 d5 3. Nd2 dxe4 4. Nxe4 Bf5 5. Ng3 Bg6 6. h4 h6 7. Nf3 e6 8. Ne5 Bh7 9. Bd3 Bxd3 10. Qxd3 Nd7 {B19: Classical Caro-Kann: 4...Bf5 main line} 11. f4 Be7 12. Bd2 Nxe5 13. fxe5 Bxh4 14. O-O-O Bxg3 15. Qxg3 {LiveBook: 51 Games. The position is equal.} Ne7 16. Qxg7 {[%mdl 64] [#] Double Attack} Rg8 17. Qh7 {Strongly threatening Rdf1.} Rxg2 {[#]} 18. c3 $146 {Threatens to win with Rdf1.} ({Predecessor:} 18. Rhf1) 18... Qd5 19. Rhf1 Qxa2 20. Rxf7 Qa1+ $1 21. Kc2 Qa4+ 22. Kc1 Qa1+ $1 23. Kc2 Qa4+ 24. Kc1 1/2-1/2

[Event "17th Delhi GM Open 2019"]
[Site "Delhi"]
[Date "2019.01.10"]
[Round "2"]
[White "Saurabh Anand"]
[Black "Vaibhav, Suri"]
[Result "*"]
[WhiteElo "2210"]
[BlackElo "2590"]
[Annotator "TA"]
[PlyCount "35"]
[EventDate "2019.01.09"]
[EventType "swiss"]
[EventCountry "IND"]
[SourceTitle "playchess.com"]
[Source "ChessBase"]
[SourceQuality "1"]

{[%evp 28,34,15,18,16,0,28,0,0]} 1. e4 c6 2. d4 d5 3. Nd2 dxe4 4. Nxe4 Bf5 5. Ng3 Bg6 6. h4 h6 7. Nf3 e6 8. Ne5 Bh7 9. Bd3 Bxd3 10. Qxd3 Nd7 {B19: Classical Caro-Kann: 4...Bf5 main line} 11. f4 Be7 12. Bd2 Nxe5 13. fxe5 Bxh4 14. O-O-O Bxg3 15. Qxg3 {LiveBook: 51 Games} Ne7 $1 16. Qxg7 {[%mdl 64] [#] Double Attack} Rg8 17. Qh7 {Strongly threatening Rhf1.} Rxg2 {[#]} {Predecessor:} 18. Rhf1 $146 *

[Event "17th Delhi GM Open 2019"]
[Site "Delhi"]
[Date "2019.01.10"]
[Round "2"]
[White "Bharat Kumar Reddy Poluri"]
[Black "Popov, Ivan"]
[Result "1/2-1/2"]
[WhiteElo "2197"]
[BlackElo "2588"]
[Annotator "TA"]
[PlyCount "158"]
[EventDate "2019.01.09"]
[EventType "swiss"]
[EventCountry "IND"]
[SourceTitle "playchess.com"]
[Source "ChessBase"]
[SourceQuality "1"]

{[%evp 16,158,22,0,20,0,0,0,2,-8,-16,-20,-9,-26,-24,-10,0,0,0,-67,-40,-43,-27,-18,-14,-31,73,81,83,85,82,11,23,19,40,47,41,4,14,2,5,0,0,0,15,12,14,0,0,0,0,-12,-21,-11,-10,-11,0,0,0,0,0,-7,-4,-13,-9,-25,0,0,0,0,0,0,0,0,0,0,0,0,0,0,0,0,0,0,0,0,0,0,0,0,0,0,0,0,0,0,0,0,0,0,0,0,0,0,0,0,0,0,0,0,0,0,0,0,0,0,0,0,0,0,0,0,0,-5421,0,-4627,0,0,0,0,0,0,0,0,0,0,0,0,0,0,0,0,0,0,0]} 1. e4 c5 2. Nf3 e6 3. Nc3 a6 4. d4 cxd4 5. Nxd4 Qc7 6. Be2 Nf6 7. O-O Bc5 {B43: Sicilian: Kan Variation: 5 Nc3} 8. Be3 d6 9. Qd3 {LiveBook: 5 Games} (9. Qd2 {looks sharper.} O-O 10. Rfd1 b6 11. Rab1 b5 12. Bf3) (9. f3 e5 10. Kh1 exd4 11. Bxd4 Bxd4 12. Qxd4 Nc6 13. Qd2 Be6 14. Rad1 Rd8 15. f4 {1-0 (40) Hou,Y (2658)-Vitiugov,N (2734) Belokurikha 2018}) 9... O-O 10. Nb3 Bxe3 11. Qxe3 b5 12. Rfd1 Nc6 13. a3 $146 ({Predecessor:} 13. Nd4 Ne5 14. f4 Ng6 15. a3 Qa7 16. Kh1 Re8 17. Qg3 e5 18. fxe5 dxe5 {½-½ (62) Semenova,E (2152)-Nevednichy,V (2580) Denizli 2013}) 13... Bb7 14. f4 Rad8 15. Rd2 Rfe8 16. Rad1 e5 17. fxe5 (17. f5 $1 $11) 17... Rxe5 18. Qf4 Qe7 19. Bf3 h6 20. h3 Rd7 {[#]} (20... Qc7 $15 {keeps the upper hand.}) 21. Nd5 $1 $16 {[%cal Rd5e7]} Nxd5 22. exd5 Nb8 23. Nd4 (23. c4 $16) 23... Rc7 $1 $11 24. c3 Qg5 25. Qxg5 hxg5 26. Nc6 Re8 27. a4 bxa4 28. Nxb8 Rxb8 29. Ra1 Rc4 30. Be2 Rc5 31. Bf3 Bc8 32. Rxa4 a5 33. Bg4 Bxg4 34. Rxg4 {[%mdl 4096] Endgame KRR-KRR} Rcb5 35. Ra4 Kh7 36. c4 Rc5 37. Kf2 Rb3 38. Ke1 Kg6 39. Kd1 Kh5 40. Kc2 Re3 41. Rd3 Re2+ 42. Rd2 Re3 43. Rd3 Re2+ 44. Rd2 Re4 45. Kc3 f5 46. b3 g4 47. hxg4+ Rxg4 48. Ra1 Rg3+ 49. Kb2 Kg4 50. Re1 {next Re6 is good for White.} a4 51. bxa4 Rxc4 52. Re6 Rb4+ 53. Kc1 Rxa4 54. Rxd6 g5 55. Rb6 Ra1+ 56. Rb1 Ra7 57. d6 Rd7 58. Rb4+ f4 59. Rc4 Re3 60. Rc7 Rd8 61. d7 Re7 62. Kc2 Kh4 63. Rd3 g4 64. Kd2 f3 65. gxf3 {Hoping for Rd4.} g3 {Strongly threatening ...g2.} 66. Rc8 Rdxd7 {...g2 is the strong threat.} 67. Rh8+ Rh7 {( -> ...Rxd3+)} 68. Rxd7 Rxh8 {KR-KR} 69. Ke3 $2 {[%mdl 8192]} (69. Ke2 $11) 69... Kh3 $2 (69... Re8+ $19 70. Kf4 Kh3) 70. Rg7 $2 {[%mdl 8192]} (70. f4 $11) 70... Kg2 $2 (70... Re8+ $19 71. Kf4 Kh2 72. Rh7+ Kg2) 71. f4 $1 {The position is equal.} Rf8 72. Ke4 Re8+ 73. Kd5 Rf8 74. Ke5 Re8+ 75. Kd6 Kf3 76. f5 Ra8 77. f6 Ra6+ 78. Ke7 g2 {[#]} 79. Rxg2 $1 {[%mdl 512]} Rxf6 {Accuracy: White = 65%, Black = 65%.} (79... Kxg2 80. f7) 1/2-1/2

[Event "17th Delhi GM Open 2019"]
[Site "Delhi"]
[Date "2019.01.10"]
[Round "2"]
[White "Bharat Kumar Reddy Poluri"]
[Black "Popov, Ivan"]
[Result "*"]
[WhiteElo "2197"]
[BlackElo "2588"]
[Annotator "TA"]
[PlyCount "29"]
[EventDate "2019.01.09"]
[EventType "swiss"]
[EventCountry "IND"]
[SourceTitle "playchess.com"]
[Source "ChessBase"]
[SourceQuality "1"]

{[%evp 15,16,19,23]} 1. e4 c5 2. Nf3 e6 3. Nc3 a6 4. d4 cxd4 5. Nxd4 Qc7 6. Be2 Nf6 7. O-O Bc5 {B43: Sicilian: Kan Variation: 5 Nc3} 8. Be3 d6 {LiveBook: 17 Games} {Predecessor:} 9. f3 $146 e5 10. Kh1 exd4 11. Bxd4 Bxd4 12. Qxd4 Nc6 13. Qd2 Be6 14. Rad1 Rd8 15. f4 {1-0 (40) Hou,Y (2658)-Vitiugov,N (2734) Belokurikha 2018} *

[Event "17th Delhi GM Open 2019"]
[Site "Delhi"]
[Date "2019.01.10"]
[Round "2"]
[White "Senthil Maran K"]
[Black "Aleksandrov, Aleksej"]
[Result "*"]
[WhiteElo "2183"]
[BlackElo "2582"]
[Annotator "TA"]
[PlyCount "35"]
[EventDate "2019.01.09"]
[EventType "swiss"]
[EventCountry "IND"]
[SourceTitle "playchess.com"]
[Source "ChessBase"]
[SourceQuality "1"]

{[%evp 6,6,18]} 1. c4 e6 2. Nf3 d5 3. d4 Nf6 {Predecessor:} 4. Nc3 $146 Be7 5. Bf4 O-O 6. e3 c5 7. dxc5 Bxc5 8. Qc2 Nc6 9. a3 Qa5 10. Nd2 Qd8 11. Nb3 Bb6 12. Be2 Qe7 13. Bg5 dxc4 14. Nd2 Ne5 15. O-O Bd7 16. Bf4 Ng6 17. Bg3 Bc6 18. Nxc4 {½-½ (40) Carlsen,M (2835)-Caruana,F (2832) London 2018} *

[Event "17th Delhi GM Open 2019"]
[Site "Delhi"]
[Date "2019.01.10"]
[Round "2"]
[White "Senthil Maran K"]
[Black "Aleksandrov, Aleksej"]
[Result "0-1"]
[WhiteElo "2183"]
[BlackElo "2582"]
[Annotator "TA"]
[PlyCount "64"]
[EventDate "2019.01.09"]
[EventType "swiss"]
[EventCountry "IND"]
[SourceTitle "playchess.com"]
[Source "ChessBase"]
[SourceQuality "1"]

{[%evp 13,64,-34,-32,-34,-22,-35,-14,-41,-47,-50,-46,-43,-52,-47,-33,-62,-61,-56,-40,-31,-11,-11,-16,-12,-13,-22,-19,-30,-4,-158,-156,-159,-156,-199,-204,-411,-397,-496,-444,-462,-460,-513,-536,-515,-512,-550,-544,-524,-441,-589,-489,-844,-842]} 1. c4 e6 2. Nf3 d5 3. d4 Nf6 4. Qc2 dxc4 5. Qxc4 a6 6. Bg5 {D30: Queen's Gambit Declined: Systems without Nc3} Nbd7 7. e3 (7. e4 h6 8. Bh4 b5 9. Qc6 Rb8 10. Bxf6 gxf6 11. Nbd2 Bb7 12. Qc2 c5 13. d5 c4 14. Be2 {1-0 (40) Yuffa,D (2563)-Lysyj,I (2631) Cheliabinsk 2018}) 7... c5 {LiveBook: 3 Games} 8. Be2 {Black is slightly better.} b5 9. Qb3 Qa5+ 10. Nbd2 $146 ({Predecessor:} 10. Nc3 cxd4 11. exd4 Bb7 12. O-O Bd6 13. a3 O-O 14. Rfd1 {½-½ (47) Hu,J (2138)-Papin,V (2513) Sydney 2015}) 10... Ne4 11. Qc2 Bb7 12. O-O Nxg5 13. Nxg5 Rc8 14. Rac1 Qd8 ({Don't go for} 14... Qxa2 $2 15. Ra1 $18) 15. Bf3 cxd4 16. Qb1 Rxc1 17. Rxc1 Bxf3 18. Ndxf3 dxe3 19. fxe3 Be7 20. Qe4 g6 21. Nxf7 $2 ({Better is} 21. Qb7 $1 $11 O-O {[#]} 22. Nxf7 $1 {[%mdl 512]} Kxf7 23. Rc7) 21... Kxf7 $17 22. Rd1 {[#] Rxd7 is the strong threat.} Bf6 {Hoping for ...Qc7.} 23. Qc6 Nb8 24. Qc2 $2 (24. Ng5+ Bxg5 25. Rxd8 Nxc6 26. Rxh8) 24... Qb6 $19 25. Rf1 Kg7 {Black is clearly winning.} 26. Qe4 Nd7 27. g4 Rf8 28. b4 h6 29. h4 Qd6 30. Kg2 Qd5 31. Qc2 Qc4 32. Qd2 (32. Qxc4 $142 bxc4 33. g5 hxg5 34. hxg5) 32... Qxg4+ {Precision: White = 39%, Black = 68%.} 0-1

[Event "17th Delhi GM Open 2019"]
[Site "Delhi"]
[Date "2019.01.10"]
[Round "2"]
[White "Nayak Rajesh"]
[Black "Narayanan.S.L"]
[Result "0-1"]
[WhiteElo "2181"]
[BlackElo "2575"]
[Annotator "TA"]
[PlyCount "64"]
[EventDate "2019.01.09"]
[EventType "swiss"]
[EventCountry "IND"]
[SourceTitle "playchess.com"]
[Source "ChessBase"]
[SourceQuality "1"]

{[%evp 23,64,20,33,-37,-38,-35,-29,-45,-47,-44,-34,-32,-34,-97,-97,-97,-90,-98,-91,-207,-204,-222,-222,-212,-208,-391,-397,-412,-400,-437,-433,-437,-437,-439,-437,-434,-426,-528,-552,-539,-529,-515,-506]} 1. e4 c6 2. d4 d5 3. Nd2 dxe4 4. Nxe4 Nf6 5. Nxf6+ exf6 6. c3 Bd6 7. Bd3 O-O 8. Qc2 Re8+ {B15: Caro-Kann: 3 Nc3: 3...g6 and 3...dxe4 4 Nxe4 Nf6 5 Nxf6+ exf6} 9. Ne2 (9. Be3 h5 10. O-O-O Qa5 11. Kb1 Be6 12. c4 Na6 13. Bd2 Nb4 14. Qb3 b5 15. Bxb4 Bxb4 16. Qc2 bxc4 17. Bxc4 Bxc4 18. Qxc4 {0-1 (47) Stevic,H (2589)-Cheparinov,I (2711) Zagreb 2018}) 9... h5 10. Be3 Nd7 11. O-O-O Nf8 12. Kb1 Be6 {LiveBook: 10 Games} 13. Nf4 ({Better is} 13. c4 $14) 13... Bxf4 $1 $15 14. Bxf4 b5 15. Rhe1 $146 ({Predecessor:} 15. Be4 Qd7 16. h3 {0-1 (46) Sinz,B (2377)-Kvetny,M (2421) Illertissen 2018}) 15... Qd5 16. b3 a5 {[%cal Ba7a5,Ba5a4][%mdl 32]} 17. Be4 Qd7 18. Qd3 (18. c4 $15) 18... a4 $17 19. b4 Ng6 {[%cal Bf8g6,Bg6h4,Bh4f3][%mdl 32]} 20. Bc1 Re7 21. Qf3 (21. g3 $17 {might work better.}) 21... Bg4 $19 {[%mdl 64] [#] Skewer} 22. Qd3 Bxd1 23. Rxd1 Rae8 24. Bf3 $2 (24. f3 {is a better defense.}) 24... Nh4 25. Bxh5 Qd5 26. Bf3 Nxf3 {Black is clearly winning.} 27. Qxf3 Re2 {[%csl Ge2][%cal Rd5a2]} 28. Qxd5 cxd5 29. Be3 a3 30. Rd3 f5 31. g3 Rb2+ 32. Ka1 {[#]} g5 $1 {[%mdl 512] Accuracy: White = 30%, Black = 100%.} 0-1

[Event "17th Delhi GM Open 2019"]
[Site "Delhi"]
[Date "2019.01.10"]
[Round "2"]
[White "Nayak Rajesh"]
[Black "Narayanan.S.L"]
[Result "*"]
[WhiteElo "2181"]
[BlackElo "2575"]
[Annotator "TA"]
[PlyCount "35"]
[EventDate "2019.01.09"]
[EventType "swiss"]
[EventCountry "IND"]
[SourceTitle "playchess.com"]
[Source "ChessBase"]
[SourceQuality "1"]

{[%evp 15,16,25,37]} 1. e4 c6 2. d4 d5 3. Nd2 dxe4 4. Nxe4 Nf6 5. Nxf6+ exf6 6. c3 Bd6 7. Bd3 O-O 8. Qc2 Re8+ {LiveBook: 212 Games. B15: Caro-Kann: 3 Nc3: 3...g6 and 3...dxe4 4 Nxe4 Nf6 5 Nxf6+ exf6} {Predecessor:} 9. Be3 $146 h5 10. O-O-O Qa5 11. Kb1 Be6 12. c4 Na6 13. Bd2 Nb4 14. Qb3 b5 15. Bxb4 Bxb4 16. Qc2 bxc4 17. Bxc4 Bxc4 18. Qxc4 {0-1 (47) Stevic,H (2589)-Cheparinov,I (2711) Zagreb 2018} *

[Event "17th Delhi GM Open 2019"]
[Site "Delhi"]
[Date "2019.01.10"]
[Round "2"]
[White "Michelle Catherina, P."]
[Black "Erigaisi Arjun"]
[Result "*"]
[WhiteElo "2175"]
[BlackElo "2548"]
[Annotator "TA"]
[PlyCount "29"]
[EventDate "2019.01.09"]
[EventType "swiss"]
[EventCountry "IND"]
[SourceTitle "playchess.com"]
[Source "ChessBase"]
[SourceQuality "1"]

{[%evp 18,19,55,3]} 1. e4 c5 2. Nf3 d6 3. d4 cxd4 4. Nxd4 Nf6 5. Nc3 a6 6. h3 e6 7. g4 Nfd7 {B81: Sicilian Scheveningen: Keres Attack} 8. Bg2 Nc6 9. Be3 Qc7 10. Qe2 {LiveBook: 3 Games} ({White should play} 10. f4 $14) {Predecessor:} 10... Na5 $146 11. O-O-O Nc4 12. Bf4 Nde5 13. Bg3 g5 14. h4 gxh4 15. Rxh4 {1-0 (36) Leko,P (2731)-Grischuk,A (2795) Sochi 2014} *

[Event "17th Delhi GM Open 2019"]
[Site "Delhi"]
[Date "2019.01.10"]
[Round "2"]
[White "Michelle Catherina, P."]
[Black "Erigaisi Arjun"]
[Result "0-1"]
[WhiteElo "2175"]
[BlackElo "2548"]
[Annotator "TA"]
[PlyCount "76"]
[EventDate "2019.01.09"]
[EventType "swiss"]
[EventCountry "IND"]
[SourceTitle "playchess.com"]
[Source "ChessBase"]
[SourceQuality "1"]

{[%evp 18,76,48,14,13,-10,0,-41,-10,-54,-6,-75,-14,-79,-93,-84,-87,-73,-93,-135,-93,-93,-80,-91,-76,-84,-81,-81,-81,-169,-107,-106,-91,-148,-165,-129,-101,-114,-108,-105,-98,-113,-95,-145,-112,-179,-168,-627,-579,-566,-566,-627,-627,-627,-577,-562,-524,-627,-566,-548,-471]} 1. e4 c5 2. Nf3 d6 3. d4 cxd4 4. Nxd4 Nf6 5. Nc3 a6 6. h3 e6 7. g4 Nfd7 {B81: Sicilian Scheveningen: Keres Attack} (7... h6 8. Bg2 g5 9. Be3 Nbd7 10. Qe2 Ne5 11. O-O-O Nfd7 12. h4 Rg8 13. hxg5 hxg5 14. Kb1 b5 15. f4 gxf4 16. Bxf4 Bb7 {½-½ (56) Karjakin,S (2773)-Mamedyarov,S (2801) Saint Louis 2018}) 8. Bg2 Nc6 9. Be3 Qc7 10. Qe2 {LiveBook: 3 Games} b5 11. O-O $146 ({Predecessor:} 11. a3 Nce5 12. O-O-O Nc4 13. f4 Bb7 14. Bf2 Be7 15. h4 Nxa3 16. Nd5 exd5 17. exd5 Nxc2 18. Nc6 Nf6 19. Qxc2 Rc8 20. Rh3 Nxg4 21. Re1 b4 22. Qe2 Bxc6 23. dxc6 {1-0 (23) Koslowski,V-Milner,T LSS email 2006}) 11... Bb7 12. f4 Be7 13. g5 Rc8 14. Rf2 {[#]} (14. Nxc6 $11 Qxc6 15. a3) 14... b4 ({Better is} 14... Nxd4 $1 $17 15. Bxd4 b4) 15. Nd1 (15. Nxc6 $11 Qxc6 16. Nd1) 15... Nxd4 $17 16. Bxd4 e5 17. Be3 Nc5 18. Bxc5 dxc5 19. Ne3 exf4 20. Nf5 O-O ({Much weaker is} 20... Bxg5 $6 21. e5 $14) 21. Qg4 c4 {[%cal Bc5c4,Bc4c3][%mdl 32] ...Bc5 is the strong threat.} 22. Nxe7+ Qxe7 23. Rxf4 (23. Rd1 $17 f3 24. Bxf3) 23... Rc5 (23... c3 $19 24. bxc3 Rxc3) 24. h4 Bc8 25. Qf3 (25. Qg3 $142) 25... c3 26. b3 Be6 27. Bh3 Rd8 28. Rf1 {With the idea Bxe6.} Rc7 29. Bxe6 Qxe6 30. Rf5 Rd2 31. Rd5 (31. Rf2 $17 {was necessary.}) 31... Rd7 $40 {[%mdl 128] Black goes for the king.} 32. Rd1 $2 (32. Rf2) 32... R7xd5 {Black is clearly winning.} 33. exd5 Rxd1+ 34. Qxd1 {[#] KQ-KQ} Qe3+ $1 35. Kf1 Qh3+ 36. Kg1 Qxh4 37. d6 Qxg5+ 38. Kf1 {intending d7.} Qd2 {Accuracy: White = 27%, Black = 65%.} 0-1

[Event "17th Delhi GM Open 2019"]
[Site "Delhi"]
[Date "2019.01.10"]
[Round "2"]
[White "Masango, Spencer"]
[Black "Deepan Chakkravarthy J."]
[Result "*"]
[WhiteElo "2168"]
[BlackElo "2543"]
[Annotator "TA"]
[PlyCount "30"]
[EventDate "2019.01.09"]
[EventType "swiss"]
[EventCountry "IND"]
[SourceTitle "playchess.com"]
[Source "ChessBase"]
[SourceQuality "1"]

{[%evp 13,14,-8,6]} 1. Nf3 b6 2. g3 Bb7 3. Bg2 g6 4. O-O Bg7 5. c4 c5 6. Nc3 Nc6 7. a3 {A37: Symmetrical English vs ...g6: 4 Bg2 Bg7 5 Nf3} d6 {LiveBook: 8 Games} {Predecessor:} 8. Rb1 $146 Qd7 9. e4 Nh6 10. b4 O-O 11. d3 Rae8 12. b5 Nd8 13. Nd5 f5 14. e5 Nhf7 15. exd6 Qxd6 {½-½ (67) Shahinyan,D (2436)-Khismatullin,D (2666) Kazan 2015} *

[Event "17th Delhi GM Open 2019"]
[Site "Delhi"]
[Date "2019.01.10"]
[Round "2"]
[White "Masango, Spencer"]
[Black "Deepan Chakkravarthy J."]
[Result "0-1"]
[WhiteElo "2168"]
[BlackElo "2543"]
[Annotator "ChessBase"]
[PlyCount "56"]
[EventDate "2019.01.09"]
[EventType "swiss"]
[EventCountry "IND"]
[SourceTitle "playchess.com"]
[Source "ChessBase"]
[SourceQuality "1"]
[TimeControl "5400+30"]

1. Nf3 {[%emt 0:00:00]} b6 {[%emt 0:00:32]} 2. g3 {[%emt 0:00:17]} Bb7 {[%emt 0:00:09]} 3. Bg2 {[%emt 0:00:29]} g6 {[%emt 0:04:59]} 4. O-O {[%emt 0:00:14]} Bg7 {[%emt 0:00:02]} 5. c4 {[%emt 0:00:58]} c5 {[%emt 0:02:07]} 6. Nc3 {[%emt 0:00:47]} Nc6 {[%emt 0:00:58]} 7. a3 {[%emt 0:01:56]} d6 {[%emt 0:04:01]} 8. b4 {[%emt 0:04:36]} e6 {[%emt 0:00:12]} 9. Bb2 {[%emt 0:05:09]} Nge7 {[%emt 0:00:45]} 10. e3 {[%emt 0:03:40]} O-O {[%emt 0:01:08]} 11. bxc5 {[%emt 0:11:05]} dxc5 {[%emt 0:00:14]} 12. Qe2 {[%emt 0:00:07]} h6 {[%emt 0:06:43]} 13. d3 {[%emt 0:03:38]} Qd7 {[%emt 0:01:37]} 14. Ne4 {[%emt 0:06:45]} f5 {[%emt 0:07:08]} 15. Nc3 {[%emt 0:00:47]} e5 {[%emt 0:03:31]} 16. Nd5 {[%emt 0:09:18]} Nxd5 {[%emt 0:00:45]} 17. cxd5 {[%emt 0:00:44]} Qxd5 {[%emt 0:00:05]} 18. d4 {[%emt 0:09:04]} cxd4 {[%emt 0:15:01]} 19. exd4 {[%emt 0:01:36]} e4 {[%emt 0:01:06]} 20. Nh4 {[%emt 0:05:12]} Kh7 {[%emt 0:00:27]} 21. g4 {[%emt 0:01:49]} Rae8 {[%emt 0:04:27]} 22. gxf5 {[%emt 0:05:53]} gxf5 23. Qh5 {[%emt 0:03:25]} Qf7 {[%emt 0:01:06]} 24. Qxf7 {[%emt 0:01:27]} Rxf7 {[%emt 0:00:17]} 25. d5 {[%emt 0:01:27]} Bxb2 {[%emt 0:00:36]} 26. dxc6 {[%emt 0:00:23]} Bxc6 {[%emt 0:00:22]} 27. Ra2 {[%emt 0:01:00]} Bd4 {[%emt 0:00:15]} 28. Rd1 {[%emt 0:00:54]} Bc5 {[%emt 0:00:06]} 0-1